Satellite- Harry Styles Lyrics - Statistics

General Stats
  • This quiz has been taken 130 times
  • The average score is 217 of 240
Answer Stats
Song Part Satellite % Correct
I
100%
A
97%
Do
97%
For
97%
Verse 1 You
97%
You?
97%
Am
96%
Satellite
96%
The
96%
Here?
95%
Here
95%
In
95%
Me
95%
To
95%
Waitin’
95%
Ya
95%
An
93%
Don’t
93%
Right
93%
There
93%
Can
92%
Go
92%
Know
92%
See
92%
Chorus | Post-chorus Spinnin’
92%
And
90%
Pull
90%
‘Round
90%
Talk?
90%
Talk
90%
Wanna
90%
Lonely
89%
Verse 2 I’m
88%
L.A.
88%
That
88%
Out
85%
We
82%
Down
81%
You’re
81%
Be
79%
Bothering
79%
“Give
78%
Got
78%
Day
77%
Mood
77%
Or
77%
Two”
77%
Life
75%
New
75%
Last
74%
Could
73%
Said
71%
Share
68%
Line
66%
Drink
63%
Wishin’
63%
She
58%
Then
56%
Till
52%
Wall
48%
No matching quizzes found
Score Distribution
Percent of People with Each Score
Percentile by Number Answered
Your Score History
You have not taken this quiz